Segmentation and Classification of Histopathological Images using Deep Learning

Saved in:
Bibliographic Details
Main Author: Franczel, Michal (Author)
Other Authors: Hudec, Lukáš (Thesis advisor)
Format: Manuscript Book
Language:Slovak
English
Published: 2023
Subjects:
Online Access:http://is.stuba.sk/zp/portal_zp.pl?podrobnosti=170105
Tags: Add Tag
No Tags, Be the first to tag this record!

MARC

LEADER 00000ntm a22000003a 4500
001 stuzp94826
003 SK-STU
005 20230909223233.3
007 ta
008 150427s2015----xo-----f-mn---000-0-slo-d
040 |a STU  |b slo 
041 0 |a eng 
100 1 |a Franczel, Michal  |u 070400  |4 aut  |U FIIT Fakulta informatiky a informačných technológií  |T FIIT Ústav počítačového inžinierstva a aplikovanej informatiky  |X 96846  |U I400  |Y 672  |7 96846 
242 0 1 |a Segmentácia a klasifikácia histopatologických snímok pomocou hlbokého učenia  |y slo 
245 1 0 |a Segmentation and Classification of Histopathological Images using Deep Learning 
260 |c 2023 
650 4 |a Rakovina prsníka  |2 slo 
650 4 |a Vizuálne transformery  |2 slo 
650 4 |a Segmentácia  |2 slo 
650 4 |a Hlboké učenie  |2 slo 
650 4 |a Deep Learning  |2 eng 
650 4 |a Whole Slide Images  |2 eng 
650 4 |a Segmentation  |2 eng 
650 4 |a Vision Transformers  |2 eng 
650 4 |a Medical Imaging  |2 eng 
650 4 |a Breast Cancer  |2 eng 
700 1 |a Hudec, Lukáš  |u 070400  |k Z1  |4 ths  |U FIIT Fakulta informatiky a informačných technológií  |T FIIT Ústav počítačového inžinierstva a aplikovanej informatiky  |X 52443  |U I400  |Y 672  |7 52443 
856 4 |u http://is.stuba.sk/zp/portal_zp.pl?podrobnosti=170105